Países ganadores del Festival de Eurovisión - Estadísticas

Estadísticas generales
  • Esta prueba ha sido intentada 763 veces
  • La puntuación promedio es 58 de 67
Estadísticas de respuestas
AÑO PAÍS GANADOR % Correcto
1969 España
99%
1968 España
99%
2015 Suecia
97%
2012 Suecia
97%
1999 Suecia
97%
1991 Suecia
97%
1984 Suecia
97%
1974 Suecia
97%
2017 Portugal
95%
2010 Alemania
92%
1982 Alemania
92%
2009 Noruega
92%
1995 Noruega
92%
1985 Noruega
92%
2019 Países Bajos
92%
1975 Países Bajos
92%
1969 Países Bajos
92%
1959 Países Bajos
92%
1957 Países Bajos
92%
1977 Francia
91%
1969 Francia
91%
1962 Francia
91%
1960 Francia
91%
1958 Francia
91%
1990 Italia
91%
1964 Italia
91%
1997 Reino Unido
91%
1981 Reino Unido
91%
1976 Reino Unido
91%
1969 Reino Unido
91%
1967 Reino Unido
91%
1996 Irlanda
89%
1994 Irlanda
89%
1993 Irlanda
89%
1992 Irlanda
89%
1987 Irlanda
89%
1980 Irlanda
89%
1970 Irlanda
89%
2018 Israel
88%
1998 Israel
88%
1979 Israel
88%
1978 Israel
88%
2016 Ucrania
88%
2004 Ucrania
88%
2006 Finlandia
87%
2008 Rusia
87%
1988 Suiza
87%
1956 Suiza
87%
2005 Grecia
82%
2014 Austria
81%
1966 Austria
81%
2013 Dinamarca
80%
2000 Dinamarca
80%
1963 Dinamarca
80%
1983 Luxemburgo
75%
1973 Luxemburgo
75%
1972 Luxemburgo
75%
1965 Luxemburgo
75%
1961 Luxemburgo
75%
2001 Estonia
74%
1986 Bélgica
73%
2002 Letonia
72%
2007 Serbia
71%
2011 Azerbaiyán
65%
2003 Turquía
63%
1989 Yugoslavia
47%
1971 Mónaco
46%
No se encontraron pruebas coincidentes
Distribución de puntuación
Porcentaje de gente con cada puntuación
Porcentaje por número respondido
Historial de tus puntuaciones
No has intentado esta prueba.